The Hits Of The Bee Gees - Statistics

General Stats
  • This quiz has been taken 57 times
  • The average score is 8 of 15
Answer Stats
Hint Answer % Correct
How Deep Is - Your Love
100%
Stayin' - Alive
98%
You Should Be - Dancing
94%
Night - Fever
94%
Too Much - Heaven
71%
You Win - Again
67%
For Whom The - Bell Tolls
62%
I've Gotta Get - A Message To You
50%
New York - Mining Disaster
42%
Run - To Me
40%
Love You - Inside Out
29%
Don't Forget - To Remember
25%
This is Where - I Came In
19%
First - Of May
17%
Ordinary - Lives
15%
No matching quizzes found
Score Distribution
Percent of People with Each Score
Percentile by Number Answered
Your Score History
You have not taken this quiz